Excellence in library management (Record no. 42819)

MARC details
000 -LEADER
fixed length control field 00606nam a2200169 a 4500
008 - FIXED-LENGTH DATA ELEMENTS--GENERAL INFORMATION
fixed length control field 120416s1985 ||||||||||||||||| || u
020 ## - INTERNATIONAL STANDARD BOOK NUMBER
International Standard Book Number 0866564780
050 ## - LIBRARY OF CONGRESS CALL NUMBER
Classification number Z 678 Exc
100 ## - MAIN ENTRY--PERSONAL NAME
Personal name Georgi, Charlottee
245 10 - TITLE STATEMENT
Title Excellence in library management
Statement of responsibility, etc. edited by Charlottee Georgi
260 ## - PUBLICATION, DISTRIBUTION, ETC.
Place of publication, distribution, etc. New York:
Name of publisher, distributor, etc. The Haworth Press
Date of publication, distribution, etc. 1985
300 ## - PHYSICAL DESCRIPTION
Extent xxii, 71p.
350 ## - PRICE (NR) (BK AM CF MU VM SE) [OBSOLETE]
Price 0.00
650 ## - SUBJECT ADDED ENTRY--TOPICAL TERM
Topical term or geographic name entry element Library administration
700 ## - ADDED ENTRY--PERSONAL NAME
Personal name Bellanti, Ronert
995 ## - RECOMMENDATION 995 [LOCAL, UNIMARC FRANCE]
-- 0.00
-- CBU-MAIN LIBRARY (Kitwe)
-- 1
-- 19.15
-- 1
-- AVAILABLE
-- Main Library Open Access Collection
Holdings
Withdrawn status Lost status Source of classification or shelving scheme Damaged status Not for loan Home library Current library Shelving location Date acquired Total Checkouts Full call number Barcode Date last seen Price effective from Koha item type
          CBU-MAIN LIBRARY, KITWE. CBU-MAIN LIBRARY, KITWE.   11/30/2022   Z 678 Exc 017496 11/30/2022 11/30/2022 MONOGRAPH